[Event "4NCL 3 South pool A"]
[Site "Bedford, ENG"]
[Date "2019.01.13"]
[Round "4.14"]
[White "Brown, Alan M"]
[Black "Okike, David"]
[Result "0-1"]
[WhiteElo "2056"]
[BlackElo "2162"]
[PlyCount "68"]
[EventDate "2019.01.13"]
[WhiteTeam "MK Phoenix 1"]
[BlackTeam "Kings Head"]

1. d4 Nf6 2. c4 e6 3. Nc3 Bb4 4. Qc2 d5 5. a3 Bxc3+ 6. Qxc3 b6 7. g3 Ne4 8. Qc2
O-O 9. Bg2 f5 10. Nh3 c6 11. O-O a5 12. Be3 Ba6 13. Nf4 Re8 14. cxd5 exd5 15.
Nd3 Bb5 16. Ne5 a4 17. b4 Ra7 18. h4 Qf6 19. Rac1 Qe6 20. Rfe1 Rc7 21. Bf4 Rcc8
22. Bh3 Rf8 23. f3 Nd6 24. e4 Rce8 25. Qb1 dxe4 26. fxe4 Qb3 27. Nxc6 Nxc6 28.
Bxd6 Nxd4 29. Qxb3+ axb3 30. Bxf8 Kxf8 31. Bf1 Ba4 32. Kf2 fxe4 33. Rc7 Nc2 34.
Rb1 e3+ 0-1

[Event "4NCL 3 South pool A"]
[Site "Bedford, ENG"]
[Date "2019.01.13"]
[Round "4.15"]
[White "Lewis, Alex"]
[Black "Elwin, Adrian G"]
[Result "1/2-1/2"]
[WhiteElo "2172"]
[BlackElo "1978"]
[PlyCount "47"]
[EventDate "2019.01.13"]
[WhiteTeam "Kings Head"]
[BlackTeam "MK Phoenix 1"]

1. e4 c6 2. d3 d5 3. Nd2 e5 4. Ngf3 Bd6 5. g3 Nf6 6. Bg2 dxe4 7. dxe4 O-O 8.
O-O Be6 9. h3 h6 10. Qe2 Nbd7 11. Nc4 Bc7 12. Nh4 Nc5 13. b3 Ncxe4 14. Bxe4 Qd4
15. Bd3 e4 16. Bb2 exd3 17. cxd3 Qd8 18. Kh2 Nh7 19. Ne5 Re8 20. Rfe1 Qc8 21.
Qh5 Nf6 22. Qf3 Nh7 23. Qh5 Nf6 24. Qf3 1/2-1/2

[Event "4NCL 3 South pool A"]
[Site "Bedford, ENG"]
[Date "2019.01.13"]
[Round "4.16"]
[White "Freeman, Richard C P"]
[Black "Gilfillan, Andrew"]
[Result "1/2-1/2"]
[WhiteElo "2000"]
[BlackElo "2095"]
[PlyCount "50"]
[EventDate "2019.01.13"]
[WhiteTeam "MK Phoenix 1"]
[BlackTeam "Kings Head"]

1. f4 d5 2. Nf3 g6 3. c3 Bg7 4. d3 Nf6 5. Qc2 O-O 6. e4 c5 7. e5 Ne8 8. d4 cxd4
9. cxd4 Nc6 10. Na3 Bg4 11. Be3 Bxf3 12. gxf3 Rc8 13. Rc1 e6 14. Bd3 Qh4+ 15.
Qf2 Qxf2+ 16. Kxf2 a6 17. Nb1 f6 18. Nd2 Rc7 19. Nb3 Nb4 20. Bb1 Rcf7 21. Nc5
Nc7 22. Nxb7 Nb5 23. Nd6 Nxd6 24. exd6 a5 25. Rc7 Rd8 1/2-1/2

[Event "4NCL 3 South pool A"]
[Site "Bedford, ENG"]
[Date "2019.01.13"]
[Round "4.22"]
[White "Truran, Michael C"]
[Black "Campbell, Mark C"]
[Result "1-0"]
[WhiteElo "2146"]
[BlackElo "1896"]
[PlyCount "65"]
[EventDate "2019.01.13"]
[WhiteTeam "Check Innmates 1"]
[BlackTeam "Cambridge University 2"]

1. d4 Nf6 2. c4 e6 3. Nf3 b6 4. Bf4 Ba6 5. e3 d5 6. Qb3 Bd6 7. Bg5 c6 8. Nc3
O-O 9. Be2 Nbd7 10. O-O Qc7 11. c5 Bxh2+ 12. Nxh2 Bxe2 13. Nxe2 Ne4 14. cxb6
axb6 15. Nf3 Nxg5 16. Nxg5 h6 17. Nf3 f5 18. Rfc1 Rfc8 19. Nf4 Qd6 20. Ne5 Nxe5
21. dxe5 Qxe5 22. Qxb6 g5 23. Nd3 Qd6 24. Qd4 Kh7 25. a4 Ra6 26. b4 Rca8 27. b5
cxb5 28. axb5 Rxa1 29. Rxa1 Rb8 30. Ra7+ Kg6 31. Ne5+ Kh5 32. g4+ Kh4 33. gxf5+
1-0

[Event "4NCL 3 South pool A"]
[Site "Bedford, ENG"]
[Date "2019.01.13"]
[Round "4.23"]
[White "Phillips, William"]
[Black "Richmond, Peter"]
[Result "1/2-1/2"]
[WhiteElo "1849"]
[BlackElo "2078"]
[PlyCount "49"]
[EventDate "2019.01.13"]
[WhiteTeam "Cambridge University 2"]
[BlackTeam "Check Innmates 1"]

1. d4 d5 2. Nf3 c6 3. e3 Bg4 4. Be2 Nd7 5. Nbd2 e6 6. h3 Bxf3 7. Nxf3 Bd6 8.
O-O f5 9. c4 Ngf6 10. b3 Ne4 11. Bb2 Qf6 12. Nd2 O-O 13. Nxe4 fxe4 14. f4 exf3
15. Rxf3 Qg5 16. Qd3 Rxf3 17. Bxf3 Nf6 18. Kf1 Rf8 19. Ke2 Re8 20. Rf1 e5 21.
dxe5 Bxe5 22. Bxe5 Qxe5 23. cxd5 cxd5 24. Rd1 Kf8 25. Qd4 1/2-1/2

[Event "4NCL 3 South pool A"]
[Site "Bedford, ENG"]
[Date "2019.01.13"]
[Round "4.24"]
[White "Hackett, Dave G"]
[Black "Lim, Mark"]
[Result "1-0"]
[WhiteElo "2072"]
[BlackElo "1796"]
[PlyCount "115"]
[EventDate "2019.01.13"]
[WhiteTeam "Check Innmates 1"]
[BlackTeam "Cambridge University 2"]

1. e4 e6 2. d4 d5 3. e5 c5 4. c3 Nc6 5. Nf3 Nge7 6. Bd3 cxd4 7. cxd4 Nf5 8.
Bxf5 exf5 9. O-O Be6 10. Nc3 Be7 11. Ne2 O-O 12. Nf4 Rc8 13. Bd2 Qb6 14. Bc3
Na5 15. h4 h6 16. g3 Bb4 17. Bxb4 Qxb4 18. Nd3 Qb5 19. b4 Nc4 20. a4 Qe8 21.
Nd2 Qe7 22. Nb3 f4 23. Nxf4 Qxb4 24. Nd3 Qe7 25. Re1 Rfd8 26. Ra2 Bf5 27. Nf4
Rc6 28. Nc5 Na5 29. Qf3 Be6 30. Ncxe6 fxe6 31. Qg4 Rdc8 32. Kg2 R8c7 33. Re3
Rb6 34. Rf3 Rc4 35. Ng6 Qb4 36. Rf8+ Qxf8 37. Nxf8 Kxf8 38. Ra3 Kg8 39. Rf3 Rc7
40. Qg6 Re7 41. g4 Nb3 42. Rc3 Rc6 43. Rxb3 Rf7 44. Rf3 Rxf3 45. Kxf3 Kf8 46.
g5 hxg5 47. hxg5 a6 48. Qh7 Rc7 49. g6 b5 50. axb5 axb5 51. Qh8+ Ke7 52. Qxg7+
Kd8 53. Qf8+ Kd7 54. Qd6+ Kc8 55. Qxe6+ Kb7 56. Qxd5+ Ka7 57. Qxb5 Rg7 58. Qe8
1-0

[Event "4NCL 3 South pool A"]
[Site "Bedford, ENG"]
[Date "2019.01.13"]
[Round "4.25"]
[White "Kirupakaran, Vishnu"]
[Black "Gorgun, Aliriza Atif"]
[Result "1-0"]
[WhiteElo "1744"]
[BlackElo "2005"]
[PlyCount "69"]
[EventDate "2019.01.13"]
[WhiteTeam "Cambridge University 2"]
[BlackTeam "Check Innmates 1"]

1. e4 c5 2. Nf3 d6 3. d4 cxd4 4. Nxd4 Nf6 5. Nc3 a6 6. Be3 e5 7. Nb3 Be7 8. f3
Be6 9. Qd2 O-O 10. O-O-O b5 11. g4 Nbd7 12. g5 b4 13. gxf6 bxc3 14. Qxc3 Nxf6
15. Na5 Qd7 16. Nc6 Rfc8 17. Nxe7+ Qxe7 18. Qa5 Qb7 19. Rg1 Nxe4 20. fxe4 Qxe4
21. Rd3 Qc4 22. Rc3 Qxa2 23. Rxc8+ Rxc8 24. Qxa2 Bxa2 25. Bxa6 Ra8 26. Be2 Be6
27. b3 f5 28. Bf3 d5 29. Rd1 f4 30. Rxd5 e4 31. Bxe4 fxe3 32. Re5 Ra1+ 33. Kb2
e2 34. Bxh7+ Kxh7 35. Kxa1 1-0

[Event "4NCL 3 South pool A"]
[Site "Bedford, ENG"]
[Date "2019.01.13"]
[Round "4.26"]
[White "Richmond, Jane"]
[Black "Patel, Rishi"]
[Result "1-0"]
[WhiteElo "2062"]
[BlackElo "1819"]
[PlyCount "83"]
[EventDate "2019.01.13"]
[WhiteTeam "Check Innmates 1"]
[BlackTeam "Cambridge University 2"]

1. e4 e5 2. Nf3 Nc6 3. Bb5 a6 4. Ba4 Nf6 5. O-O d6 6. Qe2 b5 7. Bb3 Bg4 8. c3
Be7 9. d3 O-O 10. h3 Be6 11. Bc2 Nd7 12. Nbd2 h6 13. d4 exd4 14. cxd4 d5 15. a3
dxe4 16. Qxe4 Nf6 17. Qxc6 Rb8 18. Bb3 Rb6 19. Qc2 Re8 20. Ne5 Bd5 21. Ndf3 Bf8
22. Bf4 Rbe6 23. Rac1 Nh5 24. Bh2 Nf6 25. Bxd5 Nxd5 26. Nc6 Qa8 27. Rfe1 a5 28.
Rxe6 Rxe6 29. Nce5 Bd6 30. Qf5 Qe8 31. Ng4 c6 32. Bxd6 Rxd6 33. Re1 Qf8 34.
Nge5 g6 35. Qc2 Qc8 36. Qd2 Kg7 37. Qxa5 Qf5 38. Qa7 h5 39. Ng5 Rf6 40. Nef3
Qc2 41. Ne6+ Kh7 42. Nfg5+ 1-0

[Event "4NCL 3 South pool A"]
[Site "Bedford, ENG"]
[Date "2019.01.13"]
[Round "4.31"]
[White "Rice, Chris B"]
[Black "Hall, John"]
[Result "0-1"]
[WhiteElo "1998"]
[BlackElo "2192"]
[PlyCount "78"]
[EventDate "2019.01.13"]
[WhiteTeam "CSC 2"]
[BlackTeam "Leeds University Old Boys"]

1. c4 Nf6 2. g3 e5 3. Bg2 c6 4. Nf3 e4 5. Nd4 d5 6. d3 dxc4 7. dxe4 Bc5 8. e3
Nbd7 9. f4 Nb6 10. h3 O-O 11. Nc3 Qe7 12. O-O Rd8 13. e5 Nfd5 14. Ne4 f6 15.
Nxc5 fxe5 16. Nde6 Bxe6 17. Nxe6 Qxe6 18. Qf3 Nf6 19. f5 Qe7 20. g4 e4 21. Qe2
h6 22. Bd2 Rd3 23. Bc3 Nbd5 24. Bxf6 gxf6 25. Qf2 Nxe3 26. Rfe1 Nxg2 27. Kxg2
Qe5 28. Re2 Rad8 29. Rae1 Qd5 30. Qf4 e3+ 31. Kg1 Kg7 32. Rxe3 Rxe3 33. Qxe3
Rd7 34. Re2 Qd3 35. Qe6 Qg3+ 36. Kf1 Rd1+ 37. Re1 Qxh3+ 38. Kf2 Qh4+ 39. Kf1
Qxe1+ 0-1

[Event "4NCL 3 South pool A"]
[Site "Bedford, ENG"]
[Date "2019.01.13"]
[Round "4.32"]
[White "Pickard, Charles"]
[Black "Lawson, Maurice E"]
[Result "1-0"]
[WhiteElo "2142"]
[BlackElo "1965"]
[PlyCount "65"]
[EventDate "2019.01.13"]
[WhiteTeam "Leeds University Old Boys"]
[BlackTeam "CSC 2"]

1. Nf3 d5 2. c4 e6 3. g3 Nf6 4. Bg2 Be7 5. O-O O-O 6. d4 c6 7. b3 Nbd7 8. Qc2
b6 9. Bb2 Bb7 10. Nbd2 Rc8 11. Rac1 c5 12. dxc5 Nxc5 13. Ng5 h6 14. Bxf6 hxg5
15. Bxe7 Qxe7 16. cxd5 exd5 17. Nf3 Ne6 18. Qd3 Qa3 19. Rxc8 Rxc8 20. Bh3 Rc1
21. Bxe6 Rxf1+ 22. Kxf1 fxe6 23. Qg6 Qc1+ 24. Kg2 d4 25. Qxe6+ Kh8 26. Qd7
Bxf3+ 27. Kxf3 Qh1+ 28. Kg4 Qe4+ 29. Kxg5 Qe5+ 30. Kh4 Qf6+ 31. Kg4 Qxf2 32.
Qc8+ Kh7 33. Qf5+ 1-0

[Event "4NCL 3 South pool A"]
[Site "Bedford, ENG"]
[Date "2019.01.13"]
[Round "4.33"]
[White "Fowler, David"]
[Black "Mossong, Hubert"]
[Result "1-0"]
[WhiteElo "1929"]
[BlackElo "2063"]
[PlyCount "103"]
[EventDate "2019.01.13"]
[WhiteTeam "CSC 2"]
[BlackTeam "Leeds University Old Boys"]

1. d4 d6 2. c4 e5 3. d5 f5 4. e4 Nf6 5. exf5 Bxf5 6. Nc3 g6 7. Nge2 Bg7 8. Ng3
O-O 9. Bg5 h6 10. Bxf6 Qxf6 11. Nge4 Qe7 12. Bd3 Nd7 13. O-O Nf6 14. Nxf6+ Qxf6
15. Ne4 Qh4 16. Qc2 b6 17. f3 h5 18. g3 Qe7 19. b4 Bh6 20. Rae1 Rf7 21. c5 Raf8
22. cxd6 cxd6 23. Qc6 Rd8 24. Rf2 Bf8 25. a4 Rc8 26. Qb5 g5 27. a5 bxa5 28.
bxa5 Qd8 29. Qa6 Rcc7 30. Rb1 g4 31. fxg4 Bxg4 32. Rxf7 Rxf7 33. Rf1 Rxf1+ 34.
Kxf1 Bh3+ 35. Kf2 Qc7 36. Qb5 Qf7+ 37. Ke1 Qf3 38. Kd2 Bf5 39. Ng5 Qf2+ 40. Kc3
Qd4+ 41. Kc2 e4 42. Be2 e3+ 43. Kb3 Qd2 44. Nf3 Qc2+ 45. Ka3 Qc3+ 46. Ka2 Bg6
47. Ng5 Be7 48. Qb8+ Kg7 49. Qxa7 Kf6 50. h4 Qd2+ 51. Ka3 Qxe2 52. Qd4+ 1-0

[Event "4NCL 3 South pool A"]
[Site "Bedford, ENG"]
[Date "2019.01.13"]
[Round "4.34"]
[White "Taylor, Mark V"]
[Black "Vlcek, Marek"]
[Result "0-1"]
[WhiteElo "1915"]
[BlackElo "1927"]
[PlyCount "94"]
[EventDate "2019.01.13"]
[WhiteTeam "Leeds University Old Boys"]
[BlackTeam "CSC 2"]

1. f4 e5 2. e4 exf4 3. Nf3 Nf6 4. e5 Nh5 5. d4 d6 6. Bc4 d5 7. Bd3 Bg4 8. O-O
c5 9. c3 Qb6 10. Kh1 Nc6 11. Qe1 cxd4 12. Qh4 Bxf3 13. Rxf3 Nxe5 14. Qxh5 Nxf3
15. Qxf3 Bd6 16. cxd4 O-O 17. Nc3 Rae8 18. Bxf4 Bxf4 19. Qxf4 Qxb2 20. Rc1 Rc8
21. Rc2 Qb4 22. Qd2 Rfe8 23. h3 Qd6 24. Rc1 Qg3 25. Rf1 Re3 26. Rd1 Rxd3 27.
Qxd3 Rxc3 28. Qxg3 Rxg3 29. Rc1 g6 30. Rc7 Ra3 31. Rxb7 Rxa2 32. Rb5 Kf8 33.
Rxd5 Ke7 34. Kh2 h5 35. h4 Ke6 36. Rd8 a5 37. d5+ Ke7 38. Ra8 a4 39. Ra7+ Ke8
40. Ra8+ Kd7 41. Ra7+ Kd6 42. Rxf7 Kxd5 43. Rg7 a3 44. Rxg6 Re2 45. Ra6 a2 46.
Ra4 Kc5 47. Ra8 Kb4 0-1

[Event "4NCL 3 South pool A"]
[Site "Bedford, ENG"]
[Date "2019.01.13"]
[Round "4.35"]
[White "Vachtfeidl, Petr"]
[Black "Bourne, Iain"]
[Result "1-0"]
[WhiteElo "1836"]
[BlackElo "1872"]
[PlyCount "37"]
[EventDate "2019.01.13"]
[WhiteTeam "CSC 2"]
[BlackTeam "Leeds University Old Boys"]

1. d4 Nf6 2. c4 c5 3. d5 b5 4. cxb5 a6 5. f3 axb5 6. e4 Qa5+ 7. Bd2 b4 8. Na3
d6 9. Nc4 Qd8 10. Bd3 e6 11. Ne3 exd5 12. Nxd5 Nxd5 13. exd5 g6 14. Qe2+ Qe7
15. Bf4 Ba6 16. Bxa6 Rxa6 17. Kd2 Bg7 18. Qb5+ Qd7 19. Re1+ 1-0

[Event "4NCL 3 South pool A"]
[Site "Bedford, ENG"]
[Date "2019.01.13"]
[Round "4.41"]
[White "Moloney, Nicholas R"]
[Black "Hughes, Roy"]
[Result "1-0"]
[WhiteElo "2161"]
[BlackElo "2002"]
[PlyCount "135"]
[EventDate "2019.01.13"]
[WhiteTeam "Fermented Sharks"]
[BlackTeam "Iceni 1"]

1. d4 d5 2. c4 c6 3. Nc3 Nf6 4. Nf3 e6 5. e3 Bd6 6. Bd3 Nbd7 7. Qc2 dxc4 8.
Bxc4 O-O 9. O-O e5 10. Rd1 Qe7 11. e4 exd4 12. Nxd4 Ne5 13. Be2 Ng6 14. Nf5
Bxf5 15. exf5 Nf4 16. Bf3 N4d5 17. Nxd5 Nxd5 18. Bxd5 cxd5 19. Be3 Rfd8 20.
Rac1 Be5 21. Bd4 Qf6 $11 22. Bxe5 Qxe5 23. Re1 Qf6 24. g4 h6 25. Re3 d4 26. Rd3
h5 27. h3 Rd6 28. Qd2 hxg4 29. hxg4 Qh4 30. Qf4 Rh6 31. Kg2 Rd8 32. Qg3 Qxg3+
33. Kxg3 Rb6 34. Rc2 f6 35. Kf4 Rd7 36. Ke4 Rbd6 37. Rc4 Re7+ 38. Kf3 Red7 39.
Kf4 Kf7 40. b4 Rd5 41. a4 a6 42. Rc8 Ke7 43. Rc2 Kf7 44. Rc1 Ke7 45. Re1+ Kf7
46. Re4 R5d6 47. Kg3 Rd5 48. f4 Rd8 49. Kf3 R8d7 50. Ke2 Rd8 51. Kd2 R8d7 52.
Rh3 Rd8 53. Kd3 b5 54. Re6 a5 55. bxa5 bxa4 56. a6 Ra5 57. Rb6 Kg8 58. g5 fxg5
59. fxg5 a3 60. Rh1 a2 61. Ra1 Ra3+ 62. Kd2 Rf8 63. f6 Ra8 64. Rb7 gxf6 65.
gxf6 Rg3 66. a7 Rc3 67. Rg1+ Kf8 68. f7 1-0

[Event "4NCL 3 South pool A"]
[Site "Bedford, ENG"]
[Date "2019.01.13"]
[Round "4.42"]
[White "Ruthen, Stephen W"]
[Black "Farkas, Daniel"]
[Result "1/2-1/2"]
[WhiteElo "2005"]
[BlackElo "2105"]
[PlyCount "35"]
[EventDate "2019.01.13"]
[WhiteTeam "Iceni 1"]
[BlackTeam "Fermented Sharks"]

1. c4 c6 2. Nf3 d5 3. g3 Bf5 4. Bg2 Nf6 5. O-O e6 6. b3 Nbd7 7. Bb2 Be7 8. d3
h6 9. Nbd2 O-O 10. Re1 Bh7 11. e4 Nc5 12. Ne5 dxe4 13. d4 Nd3 14. Nxd3 exd3 15.
Ne4 Nxe4 16. Bxe4 Bxe4 17. Rxe4 Bf6 18. Qxd3 1/2-1/2

[Event "4NCL 3 South pool A"]
[Site "Bedford, ENG"]
[Date "2019.01.13"]
[Round "4.43"]
[White "Okhai, Shabir"]
[Black "Sagues, Vincent"]
[Result "1/2-1/2"]
[WhiteElo "2073"]
[BlackElo "1923"]
[PlyCount "109"]
[EventDate "2019.01.13"]
[WhiteTeam "Fermented Sharks"]
[BlackTeam "Iceni 1"]

1. e4 e6 2. d4 d5 3. Nc3 Bb4 4. e5 c5 5. a3 Bxc3+ 6. bxc3 Ne7 7. Qg4 O-O 8. Bd3
f5 9. exf6 Rxf6 10. Bg5 Rf7 11. Qh5 g6 12. Qd1 Nbc6 13. Nf3 Qa5 14. O-O c4 15.
Be2 Qxc3 16. h4 Qa5 17. h5 Qc7 18. Re1 Bd7 19. Nh4 Raf8 20. Bh6 Re8 21. Qd2 e5
22. Qg5 Qd6 23. hxg6 Nxg6 24. Bh5 Rf6 25. c3 Re7 26. Rab1 b6 27. Rb5 Kf7 28.
Rbb1 $11 exd4 29. Rxe7+ Ncxe7 30. cxd4 Nf5 31. Nf3 Nxh6 32. Qxh6 Kg8 33. Qg5
Qf4 34. Qxd5+ Be6 35. Qd8+ Rf8 36. Qg5 Qxg5 37. Nxg5 Bf5 38. Rc1 Bd3 39. Bd1
Rd8 40. Nf3 Nf4 41. Kh2 Ne6 42. Ne5 Nxd4 43. Nxd3 cxd3 44. Kg3 Ne2+ 45. Bxe2
dxe2 46. Kf3 Rd3+ 47. Kxe2 Rxa3 48. Rc7 b5 49. Rb7 a6 50. g4 Ra4 51. Kf3 Rc4
52. Rb6 Ra4 53. Rb7 Rc4 54. Rb6 Ra4 55. Rb7 1/2-1/2

[Event "4NCL 3 South pool A"]
[Site "Bedford, ENG"]
[Date "2019.01.13"]
[Round "4.44"]
[White "Ortiz Sanchez, Luis"]
[Black "Niccoli, Tony"]
[Result "0-1"]
[WhiteElo "1923"]
[BlackElo "2027"]
[PlyCount "72"]
[EventDate "2019.01.13"]
[WhiteTeam "Iceni 1"]
[BlackTeam "Fermented Sharks"]

1. e4 e5 2. Nf3 Nc6 3. Nc3 Nf6 4. g3 d5 5. exd5 Nxd5 6. Bg2 Nxc3 7. bxc3 Bd6 8.
O-O O-O 9. d3 Bg4 10. Rb1 Rb8 11. h3 Be6 12. a4 Qd7 13. Kh2 Ne7 14. c4 b6 15.
Ra1 Rbd8 16. Ng5 Bf5 17. Ne4 Bxe4 18. Bxe4 f5 19. Bf3 e4 20. dxe4 fxe4 21. Bg4
Qc6 22. Qe2 Nf5 23. Bb2 Rde8 24. Rae1 Bb4 25. Rd1 Nd6 26. Rd4 Bc5 27. Rd5 Qxa4
28. Rg5 g6 29. Rxc5 bxc5 30. Ba1 Qxc4 31. Qd1 Nf5 32. Bxf5 Rxf5 33. Qd7 Qf7 34.
Qd2 Rf8 35. Kg2 Rf3 36. c4 e3 0-1

[Event "4NCL 3 South pool A"]
[Site "Bedford, ENG"]
[Date "2019.01.13"]
[Round "4.45"]
[White "Millward, Kevin P"]
[Black "Crombleholme, Alan K"]
[Result "1/2-1/2"]
[WhiteElo "1973"]
[BlackElo "1979"]
[PlyCount "59"]
[EventDate "2019.01.13"]
[WhiteTeam "Fermented Sharks"]
[BlackTeam "Iceni 1"]

1. d4 Nf6 2. Bf4 d6 3. e3 g6 4. Nf3 Bg7 5. Be2 O-O 6. O-O Nc6 7. h3 Qe8 8. c4
e5 9. Bh2 Bf5 10. Nc3 Qe7 11. Re1 Rfd8 12. Rc1 exd4 13. exd4 Bh6 14. Bd3 Qf8
15. Rb1 Bxd3 16. Qxd3 Re8 17. a3 Rxe1+ 18. Rxe1 Re8 19. Rxe8 Qxe8 20. Nb5 Qb8
21. g4 a6 22. Nc3 Bg7 23. b4 Ne7 24. d5 Qd8 25. Kg2 h5 $11 26. Ne4 hxg4 27.
Nxf6+ Bxf6 28. hxg4 Qd7 29. Qe4 b5 30. cxb5 1/2-1/2

[Event "4NCL 3 South pool A"]
[Site "Bedford, ENG"]
[Date "2019.01.13"]
[Round "4.46"]
[White "Feavyour, John A"]
[Black "Dydak, Mateusz"]
[Result "1/2-1/2"]
[WhiteElo "1988"]
[BlackElo "1880"]
[PlyCount "54"]
[EventDate "2019.01.13"]
[WhiteTeam "Iceni 1"]
[BlackTeam "Fermented Sharks"]

1. d4 f5 2. Nf3 Nf6 3. g3 g6 4. Bg2 Bg7 5. O-O O-O 6. c4 d6 7. Nc3 Qe8 8. d5 a5
9. Rb1 Na6 10. a3 Bd7 11. b4 axb4 12. axb4 c6 13. Nd4 Nc7 14. Bb2 cxd5 15. cxd5
Qf7 16. Nc2 Nb5 17. Qd3 Nxc3 18. Bxc3 Rac8 19. f4 Ne4 20. Bxg7 Qxg7 21. Bxe4
fxe4 22. Qd2 Qc3 23. Qxc3 Rxc3 24. Nd4 Rfc8 25. f5 gxf5 26. Nxf5 Bxf5 27. Rxf5
Rc1+ 1/2-1/2

[Event "4NCL 3 South pool A"]
[Site "Daventry, ENG"]
[Date "2019.02.09"]
[Round "5.11"]
[White "Tukpetov, Evgeny"]
[Black "Okhai, Shabir"]
[Result "1-0"]
[WhiteElo "2181"]
[BlackElo "2092"]
[PlyCount "87"]
[EventDate "2019.02.09"]
[WhiteTeam "Kings Head"]
[BlackTeam "Fermented Sharks"]

1. b3 e5 2. Bb2 Nc6 3. e3 d6 4. Ne2 g6 5. d4 Bg7 6. g3 Nge7 7. Bg2 O-O 8. O-O
a6 9. Nd2 exd4 10. Nxd4 Nxd4 11. Bxd4 Bxd4 12. exd4 d5 13. Re1 c6 14. c3 Re8
15. Qf3 Be6 16. Re5 Nf5 17. Qd3 Nd6 18. c4 dxc4 19. bxc4 Bf5 20. Qb3 Qd7 21.
Rae1 Kg7 22. Qb2 f6 23. R5e3 Be6 24. Bf1 Rad8 25. Bd3 Bf7 26. a4 Rxe3 27. fxe3
Re8 28. c5 Nc8 29. Bc4 Re7 30. e4 Qc7 31. Bxf7 Kxf7 32. Nc4 Qd8 33. e5 fxe5 34.
Nxe5+ Kg8 35. Rf1 Qd5 36. Qf2 Re8 37. Ng4 Qe6 38. Nf6+ Kg7 39. Nxe8+ Qxe8 40.
Re1 Qd7 41. Qf4 Ne7 42. Qd6 Nf5 43. Qxd7+ Kf8 44. Re8# 1-0

[Event "4NCL 3 South pool A"]
[Site "Daventry, ENG"]
[Date "2019.02.09"]
[Round "5.12"]
[White "Agnew, Alan"]
[Black "Lewis, Alex"]
[Result "1-0"]
[WhiteElo "2072"]
[BlackElo "2154"]
[PlyCount "63"]
[EventDate "2019.02.09"]
[WhiteTeam "Fermented Sharks"]
[BlackTeam "Kings Head"]

1. d4 Nf6 2. c4 g6 3. Nc3 Bg7 4. e4 d6 5. Nf3 O-O 6. Be2 e5 7. O-O Nc6 8. d5
Ne7 9. Ne1 Ne8 10. Nd3 f5 11. Bd2 Nf6 12. f3 f4 13. c5 g5 14. cxd6 cxd6 15. Rc1
Rf7 16. Nb5 Ne8 17. a4 h5 18. Nf2 Bf8 19. h3 Kh8 20. Qb3 Ng8 21. Rc3 Ngf6 22.
Rfc1 Nd7 23. Qc2 Nc5 24. b4 Bd7 25. bxc5 dxc5 26. Na3 Qf6 27. Bb5 Rd8 28. Bxd7
Rdxd7 29. Nc4 Rh7 30. Rb3 Bd6 31. Nxd6 Nxd6 32. Qxc5 1-0

[Event "4NCL 3 South pool A"]
[Site "Daventry, ENG"]
[Date "2019.02.09"]
[Round "5.13"]
[White "Mackenzie, Colin"]
[Black "Voyiakis, Emmanuel"]
[Result "1/2-1/2"]
[WhiteElo "2042"]
[BlackElo "2110"]
[PlyCount "39"]
[EventDate "2019.02.09"]
[WhiteTeam "Kings Head"]
[BlackTeam "Fermented Sharks"]

1. c4 e5 2. g3 Nf6 3. Bg2 d5 4. cxd5 Nxd5 5. Nf3 Nc6 6. O-O Be7 7. d4 exd4 8.
Nxd4 Nxd4 9. Qxd4 Nf6 10. Qa4+ c6 11. Rd1 Qb6 12. Be3 Bc5 13. Bxc5 Qxc5 14. b4
Qb6 15. Nd2 Be6 16. Qc2 O-O 17. a3 a5 18. Nc4 Bxc4 19. Qxc4 axb4 20. axb4
1/2-1/2

[Event "4NCL 3 South pool A"]
[Site "Daventry, ENG"]
[Date "2019.02.09"]
[Round "5.14"]
[White "Niccoli, Tony"]
[Black "Gilfillan, Andrew"]
[Result "0-1"]
[WhiteElo "2043"]
[BlackElo "2095"]
[PlyCount "66"]
[EventDate "2019.02.09"]
[WhiteTeam "Fermented Sharks"]
[BlackTeam "Kings Head"]

1. e4 c5 2. Nc3 g6 3. g3 Bg7 4. Bg2 Nc6 5. Nge2 d6 6. O-O e6 7. d3 Rb8 8. a4 a6
9. f4 Nge7 10. Be3 b5 11. axb5 axb5 12. d4 b4 13. Na4 cxd4 14. Nxd4 Ba6 15. Re1
Na5 16. b3 Nb7 17. Qg4 O-O 18. Rad1 Qc7 19. Rd2 Rbc8 20. Red1 Kh8 21. h4 Ng8
22. Qf3 Nc5 23. Nxc5 dxc5 24. Ne2 Nf6 25. g4 h5 26. g5 Ng4 27. Rd7 Rfd8 28.
Rxc7 Rxd1+ 29. Bf1 Rxc7 30. e5 Bb7 31. Qg3 Rcd7 32. Bxc5 R7d2 33. Nd4 Ba6 0-1

[Event "4NCL 3 South pool A"]
[Site "Daventry, ENG"]
[Date "2019.02.09"]
[Round "5.15"]
[White "Disu, Kayode"]
[Black "Millward, Kevin P"]
[Result "1/2-1/2"]
[WhiteElo "1982"]
[BlackElo "1971"]
[PlyCount "120"]
[EventDate "2019.02.09"]
[WhiteTeam "Kings Head"]
[BlackTeam "Fermented Sharks"]

1. Nc3 d5 2. e4 dxe4 3. Nxe4 Nf6 4. Nxf6+ gxf6 5. d4 e5 6. Be3 Nc6 7. dxe5
Qxd1+ 8. Rxd1 fxe5 9. Bb5 Bd7 10. Nf3 f6 11. c3 O-O-O 12. O-O a6 13. Ba4 b5 14.
Bc2 Bd6 15. Nh4 Ne7 16. a4 Kb7 17. axb5 axb5 18. Ra1 Ra8 19. Be4+ Bc6 20. f3
Nd5 21. Kf2 h5 22. Nf5 Nxe3 23. Kxe3 Bc5+ 24. Ke2 Rhg8 25. g3 Rxa1 26. Rxa1 b4
27. Bxc6+ Kxc6 28. cxb4 Bd6 29. Kd3 Rb8 30. Nxd6 cxd6 31. Ra6+ Kd5 32. Ra5+ Ke6
33. Kc4 Rc8+ 34. Kb3 f5 35. Ra7 e4 36. fxe4 fxe4 37. b5 e3 38. b6 e2 39. b7 Rb8
40. Ra1 Rxb7+ 41. Kc3 d5 42. Re1 d4+ 43. Kc2 Kd5 44. Rxe2 Rc7+ 45. Kd3 Rf7 46.
Re8 Rf3+ 47. Kd2 Rf2+ 48. Kd3 Rxb2 49. Rd8+ Ke5 50. Re8+ Kf5 51. Rf8+ Kg5 52.
Rg8+ Kf6 53. h4 Rb4 54. Rg5 Ra4 55. Ke4 Rb4 56. Rxh5 d3+ 57. Ke3 Rd4 58. Kd2
Rg4 59. Rg5 Rxg5 60. hxg5+ Kxg5 1/2-1/2

[Event "4NCL 3 South pool A"]
[Site "Daventry, ENG"]
[Date "2019.02.09"]
[Round "5.16"]
[White "Lundback, Anders"]
[Black "Grant-Ross, Peter"]
[Result "1/2-1/2"]
[WhiteElo "1812"]
[BlackElo "1757"]
[PlyCount "61"]
[EventDate "2019.02.09"]
[WhiteTeam "Fermented Sharks"]
[BlackTeam "Kings Head"]

1. d4 d5 2. c4 c6 3. Nc3 Nf6 4. Nf3 e6 5. e3 Bb4 6. Bd2 Nbd7 7. Bd3 dxc4 8.
Bxc4 b5 9. Be2 O-O 10. O-O Rb8 11. Rc1 a6 12. Bd3 Bb7 13. Bb1 c5 14. Re1 cxd4
15. exd4 Bd6 16. Bg5 Be7 17. Bf4 Rc8 18. a3 Nb6 19. Ng5 Nbd5 20. Be5 Nxc3 21.
Rxc3 Rxc3 22. bxc3 Qd5 23. f3 Rc8 24. Qd3 g6 25. Ne4 Nxe4 26. fxe4 Qc4 27. Qf3
Qxc3 28. Qf2 Qxa3 29. Rf1 Rf8 30. Qf4 g5 31. Qg4 1/2-1/2

[Event "4NCL 3 South pool A"]
[Site "Daventry, ENG"]
[Date "2019.02.09"]
[Round "5.21"]
[White "Hall, John"]
[Black "Martin, Lewis"]
[Result "1/2-1/2"]
[WhiteElo "2208"]
[BlackElo "2178"]
[PlyCount "94"]
[EventDate "2019.02.09"]
[WhiteTeam "Leeds University Old Boys"]
[BlackTeam "Check Innmates 1"]

1. e4 c5 2. Nf3 d6 3. d4 cxd4 4. Nxd4 Nf6 5. Nc3 a6 6. Bg5 e6 7. f4 b5 8. e5
dxe5 9. fxe5 Qc7 10. Qe2 Nfd7 11. O-O-O Nc6 12. Nxc6 Qxc6 13. Qd2 Bb4 14. Be2
Ra7 15. Qd4 Bc5 16. Qg4 h6 17. Qh3 b4 18. Bf3 Qc7 19. Ne4 Bb7 20. Nd6+ Bxd6 21.
exd6 Qc5 22. Bf4 O-O 23. Rhe1 Bxf3 24. Qxf3 Raa8 25. Re4 a5 26. Be3 Qb5 27. Qg3
Kh7 28. Qh4 Rae8 29. g4 Nf6 30. Red4 g5 31. Qf2 Nd7 32. h4 f6 33. Qh2 Kg7 34.
Rh1 Rh8 35. Qg2 Rc8 36. Qe4 Qc6 37. Qxc6 Rxc6 38. hxg5 hxg5 39. Rxh8 Kxh8 40.
Kd2 Kg7 41. c3 bxc3+ 42. bxc3 Kf7 43. Kc2 e5 44. Rd5 Ra6 45. a4 Ke6 46. c4 e4
47. Rd4 Ke5 1/2-1/2